|
|
|
|
| LEADER |
02178nam a2200325 a 4500 |
| 005 |
20260428164844.0 |
| 008 |
260427s2018 ag |||||o|||| 001 0 spa d |
| 020 |
|
|
|a 9789507418976
|
| 040 |
|
|
|a AR-UCES
|
| 082 |
0 |
|
|a 348.023
|
| 100 |
|
|
|9 53443
|a Lopez Mesa, Marcelo
|
| 245 |
1 |
0 |
|a Curso de Derecho de obligaciones.
|h [recurso electrónico]
|n 1 /
|c Marcelo López Mesa.
|
| 250 |
|
|
|a 2a ed.
|
| 260 |
|
|
|a Buenos Aires :
|b Hammurabi,
|c 2018.
|
| 300 |
|
|
|a 826 p.
|
| 490 |
1 |
|
|a Derecho de obligaciones
|v 1
|
| 500 |
|
|
|a Análisis bajo el Código Civil y Comercial de la Nación.
|
| 500 |
|
|
|a Otros títulos en portada: Estructura de la obligación -- Pago -- Cumplimiento -- Incumplimiento de las obligaciones -- Ejecución forzada -- Clases de obligaciones -- Modificación de la obligación -- Protección del crédito -- Fuentes de las obligaciones.
|
| 504 |
|
|
|a Incluye referencias bibliograficas
|
| 505 |
0 |
|
|a I. Proemio -- II. Elementos de las obligaciones -- III. Efectos de las obligaciones -- IV. Objeto del pago. Requisitos -- V. La carga de la prueba del pago. Interacciones procesales y sustanciales -- VI. Incumplimiento de las obligaciones -- VII. El incumplimiento de la prestación -- VIII. Liberación coactiva del deudor -- IX. Clasificación de las obligaciones -- X. Obligaciones de objeto plural o múltiple -- XI. Obligaciones de dar dinero -- XII. Las obligaciones naturales en el Código Civil y Comercial de la Nación -- XIII. El tiempo de cumplimiento de la prestación -- XIV. Clasificación desde el punto de vista de los sujetos que intervienen -- XV. Obligaciones solidarias -- XVI. Modificación de la obligación -- XVII. Protección del crédito -- XVIII. Acciones con que cuenta el acreedor insatisfecho -- XIX. Fuentes de las obligaciones. Concepto. Clasificaciones.
|
| 650 |
|
4 |
|9 84
|a DERECHO
|
| 650 |
|
4 |
|9 3053
|a OBLIGACIONES
|
| 650 |
|
4 |
|9 3394
|a RESPONSABILIDAD CIVIL
|
| 650 |
|
4 |
|9 48457
|a CODIGO CIVIL Y COMERCIAL
|
| 651 |
|
4 |
|9 31
|a ARGENTINA
|
| 830 |
|
|
|9 54097
|a Derecho de obligaciones
|v 1
|
| 856 |
4 |
1 |
|y Acceso desde Campus Virtual. Hammurabi
|u https://campusvirtual.uces.edu.ar
|
| 942 |
|
|
|c EBOOK
|
| 998 |
|
|
|b Ailén
|
| 999 |
|
|
|c 55310
|d 55310
|